000 00638nam a2200181Ia 4500
003 IN-BaIIA
008 211028s9999 xx 000 0 eng d
020 _a0-12-333342-3
040 _cIIA Library
080 _a537.533
_bHAW-2
245 0 _aPrinciples of electron optics
_bvol. 2, applied geometrical optics
_cedited by P. W. Hawkes and E. Kasper
260 _aLondon
_bAcademic Press
_c1996
300 _ax, 629-1188p.
650 _aElectron optics, Geometrical optics, Instrumental optics
_921295
700 _aHawkes, P. W., ed.
_921296
700 _aKasper, E., ed.
_921297
942 _cBK
999 _c12194
_d12194